000 00377cam a22001217a 4500
008 180718b1981 xxu||||| |||| 00| 0 eng d
082 _aA81x54 In2/71/22/PT9
100 _aCensus of India 1971
245 _aWest Bengal: census atlas
260 _aDelhi
_bThe Controller of Publications
_c1981
300 _a72+p.
440 _aCensus of India 1971. Series-22, West Bengal. Part-IX
999 _c485486
_d485486